000 00816nam a22002057a 4500
005 20120518154730.0
010 _a
020 _a
_c50.00
035 _aA-775089
037 _b
082 _a515.63
100 _aठाकुर, बी.आर.
_947381
245 _aसदिश कलन एवं ज्यामिति /
_cबी.आर.ठाकुर
260 _aआगरा
_bराम प्रसाद एंड संस
_c1995-96
270 _a
_b
_e
300 _a308पृ.
_b
_c22सेमी(सजिल्द)
942 _2ddc
_cHN
_h515.63
_mठाकुर
999 _c66862
_d66862